000
00258nam a2200109Ia 4500
008
200302s9999 xx 000 0 und d
100
_a
Kenneth P. Davis
245
_a
Land Use
260
_b
Tata Mcgraw-Hill Publishing Co.
260
_c
1976
300
_a
324 P.,
999
_c
5237
_d
5237